书目信息 |
| 题名: |
防水工程概论
|
|
| 作者: | 项桦太 主编 ;瞿培华 , 曾三海 副主编 | |
| 分册: | ||
| 出版信息: | 北京 中国建筑工业出版社 2010.01 |
|
| 页数: | 142页 | |
| 开本: | 25cm | |
| 丛书名: | 防水工程技术丛书 | |
| 单 册: | ||
| 中图分类: | TU761.1 | |
| 科图分类: | ||
| 主题词: | 建筑防水--jian zhu fang shui--工程施工 | |
| 电子资源: | ||
| ISBN: | 978-7-112-11502-0 | |
| 000 | 01135nam 2200289 450 | |
| 001 | 012001000654 | |
| 005 | 20240327100712.04 | |
| 010 | @a978-7-112-11502-0@dCNY22.00 | |
| 100 | @a20100515d2010 km y0chiy0121 eb | |
| 101 | 0 | @achi |
| 102 | @aCN@b110000 | |
| 105 | @aa a 000yy | |
| 200 | 1 | @a防水工程概论@Afang shui gong cheng gai lun@f项桦太主编@g瞿培华, 曾三海副主编@Gqu pei hua,ceng san hai fu zhu bian |
| 210 | @a北京@c中国建筑工业出版社@d2010.01 | |
| 215 | @a142页@c图@d25cm | |
| 225 | 2 | @a防水工程技术丛书@Afang shui gong cheng ji shu cong shu |
| 300 | @a中国建筑防水专家委员会推荐用书 | |
| 320 | @a有书目 | |
| 330 | @a本书是“防水工程技术丛书”之一,是该技术丛书的主干。主要内容包括:绪论、防水工程与工程构造、防水原理、防水工程质量、防水材料与防水工程、防水工程施工与管理、防水工程与经济等。 | |
| 410 | 0 | @12001 @a防水工程技术丛书 |
| 606 | 0 | @a建筑防水@Ajian zhu fang shui@x工程施工 |
| 690 | @aTU761.1@v4 | |
| 701 | 0 | @a项桦太@Axiang hua tai@4主编 |
| 702 | 0 | @a瞿培华@Aqu pei hua@4副主编 |
| 702 | 0 | @a曾三海@Aceng san hai@4副主编 |
| 801 | 0 | @aCN@b河南城建学院图书馆@c20100515 |
| 905 | @dTU761.1@eX284@f5 | |
| 防水工程概论/项桦太主编/瞿培华, 曾三海副主编.-北京:中国建筑工业出版社,2010.01 |
| 142页:图;25cm.-(防水工程技术丛书) |
| 中国建筑防水专家委员会推荐用书 |
| ISBN 978-7-112-11502-0:CNY22.00 |
| 本书是“防水工程技术丛书”之一,是该技术丛书的主干。主要内容包括:绪论、防水工程与工程构造、防水原理、防水工程质量、防水材料与防水工程、防水工程施工与管理、防水工程与经济等。 |
| ● |
| 相关链接 |
|
|
|
正题名:防水工程概论
索取号:TU761.1/X284
 
预约/预借
| 序号 | 登录号 | 条形码 | 馆藏地/架位号 | 状态 | 备注 |
| 1 | 1240741 | 212407411 | 建筑库201/201建筑库 44排7列4层/ [索取号:TU761.1/X284] | 在馆 | |
| 2 | 1240742 | 212407420 | 建筑库201/201建筑库 44排7列4层/ [索取号:TU761.1/X284] | 在馆 | |
| 3 | 1240743 | 212407439 | 建筑库201/201建筑库 44排7列4层/ [索取号:TU761.1/X284] | 在馆 | |
| 4 | 1240744 | 212407448 | 建筑库201/201建筑库 44排7列4层/ [索取号:TU761.1/X284] | 在馆 | |
| 5 | 1240745 | 212407457 | 建筑库201/201建筑库 44排7列4层/ [索取号:TU761.1/X284] | 在馆 | |
| 6 | 1548759 | 215487596 | 建筑库201/201建筑库 44排7列4层/ [索取号:TU761.1/X284] | 在馆 | |
| 7 | 1548760 | 215487603 | 建筑库201/201建筑库 44排7列4层/ [索取号:TU761.1/X284] | 在馆 | |
| 8 | 1548761 | 215487612 | 建筑库201/201建筑库 44排7列4层/ [索取号:TU761.1/X284] | 在馆 | |
| 9 | 1548762 | 215487621 | 建筑库201/201建筑库 44排7列4层/ [索取号:TU761.1/X284] | 在馆 | |
| 10 | 1548763 | 215487630 | 建筑库201/201建筑库 44排7列4层/ [索取号:TU761.1/X284] | 在馆 | |
| 11 | 898695 | 208986953 | 建筑库201/201建筑库 44排7列4层/ [索取号:TU761.1/X284] | 在馆 | |
| 12 | 898696 | 208986962 | 建筑库201/201建筑库 44排7列4层/ [索取号:TU761.1/X284] | 在馆 | |
| 13 | 898697 | 208986971 | 建筑库201/201建筑库 44排7列4层/ [索取号:TU761.1/X284] | 在馆 | |
| 14 | 898698 | 208986980 | 建筑库201/201建筑库 44排7列4层/ [索取号:TU761.1/X284] | 在馆 | |
| 15 | 898699 | 208986999 | 建筑库201/201建筑库 44排7列4层/ [索取号:TU761.1/X284] | 在馆 |